000 00384nam a22001697a 4500
003 UA-OsUOA
001 2188
007 ta
008 20050721b un ||||| |||| 00| 0 ukr d
100 _aSinger
700 _aIsaac B.
942 _cBK
040 _aUA-OsUOA
_cUA-OsUOA
_dUA-OsUOA
245 _aWhen Shlemiel went to Warsaw & other stories.
_bFiction
955 _a2
650 7 _2UDC
999 _c288350
_d288350